00563nam a2200181Ia 4500003000900000008004100009020001800050040001600068080001300084100002000097245014000117260003100257300001500288650002800303650001900331650001100350650002000361IN-BaIIA211028s9999 xx 000 0 eng d a0-407-00055-0 cIIA Library a535bOBS aObstfeld, Henri 0aOptics in Visionbfoundations of visual optics and associated computationscHenri Obstfeld  aLondonbButterworthsc1978 axii, 327p. aLight-Visible Radiation aNASA Thesaurus aOptics aPhysical Optics